Famous people : (Record no. 3851)
[ view plain ]
| 000 -LEADER | |
|---|---|
| fixed length control field | 01005nam a22002777a 4500 |
| 001 - CONTROL NUMBER | |
| control field | 3851 |
| 003 - CONTROL NUMBER IDENTIFIER | |
| control field | FISKH |
| 005 - DATE AND TIME OF LATEST TRANSACTION | |
| control field | 20240517083206.0 |
| 008 - FIXED-LENGTH DATA ELEMENTS--GENERAL INFORMATION | |
| fixed length control field | 240516b cb ||||| |||| 00| 0 eng d |
| 020 ## - INTERNATIONAL STANDARD BOOK NUMBER | |
| International Standard Book Number | 9771757426009 |
| 040 ## - CATALOGING SOURCE | |
| Original cataloging agency | FISKH |
| Language of cataloging | eng |
| Transcribing agency | FISKH |
| Modifying agency | FISKH |
| 050 ## - LIBRARY OF CONGRESS CALL NUMBER | |
| Classification number | PZ7 |
| 082 ## - DEWEY DECIMAL CLASSIFICATION NUMBER | |
| Classification number | 920.02 |
| 100 ## - MAIN ENTRY--PERSONAL NAME | |
| Personal name | Tames, Richard |
| 245 ## - TITLE STATEMENT | |
| Title | Famous people : |
| Remainder of title | Disney's wonderful world of knowledge / |
| 260 ## - PUBLICATION, DISTRIBUTION, ETC. | |
| Place of publication, distribution, etc. | Brussels : |
| Name of publisher, distributor, etc. | Paperview Europe Books, |
| Date of publication, distribution, etc. | 2010. |
| 300 ## - PHYSICAL DESCRIPTION | |
| Extent | 57 pages : |
| Other physical details | color illustrations ; |
| Dimensions | 26 cm |
| 490 ## - SERIES STATEMENT | |
| Series statement | Disney |
| 505 ## - FORMATTED CONTENTS NOTE | |
| Formatted contents note | P<br/> |
| 520 ## - SUMMARY, ETC. | |
| Summary, etc. | People shape the world. Kings and queens, scientists and soldiers, presidents and prophets have changed the way we live, how we think and what we believe. Every country has proud stories of heroes and heroines who made a difference. |
| 521 8# - TARGET AUDIENCE NOTE | |
| Target audience note | 640 <br/> |
| Source | Lexile estimate <br/> |
| 521 8# - TARGET AUDIENCE NOTE | |
| Target audience note | P<br/> |
| Source | Raz-Plus <br/> |
| 650 ## - SUBJECT ADDED ENTRY--TOPICAL TERM | |
| Topical term or geographic name entry element | Famous people |
| General subdivision | Wonderful world of knowledge |
| 942 ## - ADDED ENTRY ELEMENTS (KOHA) | |
| Source of classification or shelving scheme | Dewey Decimal Classification |
| Koha item type | Books |
| Suppress in OPAC | No |
| Withdrawn status | Lost status | Source of classification or shelving scheme | Damaged status | Not for loan | Collection | Home library | Current library | Shelving location | Date acquired | Total Checkouts | Full call number | Barcode | Date last seen | Price effective from | Koha item type |
|---|---|---|---|---|---|---|---|---|---|---|---|---|---|---|---|
| Dewey Decimal Classification | Non-Fiction | Footprints International School Library Network Toul Kork Campus | Footprints International School Library Network Toul Kork Campus | TK Primary Library Room(4th Floor), Bookcase 3&4, Shelves 17-32, Yellow Books | 05/17/2024 | TAM 920.02 PZ7 | 2024-0621 | 05/17/2024 | 05/17/2024 | Books |
